La invención republicana del legado colonial : (Registro nro. 30932)
[ vista simple ]
| 000 -LEADER | |
|---|---|
| fixed length control field | 00802nam a22002057a 4500 |
| 003 - CONTROL NUMBER IDENTIFIER | |
| control field | OSt |
| 005 - DATE AND TIME OF LATEST TRANSACTION | |
| control field | 20250129121955.0 |
| 008 - FIXED-LENGTH DATA ELEMENTS--GENERAL INFORMATION | |
| fixed length control field | 250129b |||||||| |||| 00| 0 spa d |
| 020 ## - INTERNATIONAL STANDARD BOOK NUMBER | |
| International Standard Book Number | 9789587747706 |
| 037 ## - SOURCE OF ACQUISITION | |
| Source of stock number/acquisition | Donación |
| 040 ## - CATALOGING SOURCE | |
| Original cataloging agency | CO-JMCR |
| Language of cataloging | spa |
| Transcribing agency | CO-JMCR |
| Modifying agency | CO-JMCR |
| Description conventions | rda |
| 041 1# - LANGUAGE CODE | |
| Language code of text/sound track or separate title | spa |
| 082 04 - DEWEY DECIMAL CLASSIFICATION NUMBER | |
| Edition number | 23 |
| Classification number | 986.103 |
| Item number | C35d |
| 100 10 - MAIN ENTRY--PERSONAL NAME | |
| Personal name | Del Castillo, Lina |
| 9 (RLIN) | 98773 |
| 245 10 - TITLE STATEMENT | |
| Title | La invención republicana del legado colonial : |
| Remainder of title | ciencia, historia y geografa̕ de la vanguardia polt̕ica colombiana en el siglo XIX / |
| Statement of responsibility, etc. | Lina del Castillo ; traducción de María José Montoya Durán |
| 260 ## - PUBLICATION, DISTRIBUTION, ETC. | |
| Place of publication, distribution, etc. | Bogotá : |
| Name of publisher, distributor, etc. | Universidad de los Andes, |
| -- | Banco de la República de Colombia, |
| Date of publication, distribution, etc. | 2018. |
| 300 ## - PHYSICAL DESCRIPTION | |
| Extent | xlvi, 310 páginas: |
| Dimensions | 24 cm. |
| 700 10 - ADDED ENTRY--PERSONAL NAME | |
| Personal name | Montoya Durán, María José |
| Relator term | traductora |
| 9 (RLIN) | 98774 |
| 942 ## - ADDED ENTRY ELEMENTS (KOHA) | |
| Koha item type | Books |
| Source of classification or shelving scheme | Dewey Decimal Classification |
| Withdrawn status | Lost status | Source of classification or shelving scheme | Damaged status | Not for loan | Collection code | Home library | Current library | Shelving location | Date acquired | Source of acquisition | Total Checkouts | Full call number | Barcode | Date last seen | Copy number | Price effective from | Koha item type |
|---|---|---|---|---|---|---|---|---|---|---|---|---|---|---|---|---|---|
| Dewey Decimal Classification | Non-fiction | Biblioteca Pública José María del Castillo y Rada | Biblioteca Pública José María del Castillo y Rada | Book Cart | 04/15/2024 | Donación | 986.103 C35d | 201812500 | 01/29/2025 | Ej.1 | 01/29/2025 | Books |